|
|
|
|
| LEADER |
00938cas#a2200301#a#4500 |
| 001 |
015395 |
| 003 |
AR-BeUNQ |
| 005 |
20171221073624.0 |
| 008 |
960214c1996####xxu###p#############eng#d |
| 999 |
|
|
|c 26047
|d 108853
|
| 022 |
|
|
|a 0002-8282
|
| 040 |
|
|
|a AR-beUNQ
|
| 099 |
|
|
|a P-US-AME3
|
| 110 |
2 |
|
|a American Economic Association, Nasville, TN
|
| 245 |
0 |
0 |
|a The American Economic Review /
|c American Economic Association, Nasville, TN.
|
| 260 |
|
|
|a Nashville, TN :
|b The American Economic Association,
|
| 300 |
|
|
|a v.
|
| 310 |
|
|
|a 5 números al año
|
| 594 |
|
|
|a LICENCIATURA EN COMERCIO INTERNACIONAL
|
| 595 |
|
|
|a CRECIMIENTO ECONOMICO
|
| 650 |
|
7 |
|a Economía
|2 Spines
|
| 650 |
|
7 |
|a Política económica
|2 Spines
|
| 650 |
|
7 |
|a MACROEconomía
|2 Spines
|
| 651 |
|
7 |
|a ESTADOS UNIDOS
|2 Spines
|
| 856 |
|
|
|u http://www.jstor.org/journal/amereconrevi
|z Acceso a través de Becyt
|
| 866 |
0 |
|
|a 1996 86(1-5)
|
| 929 |
|
|
|j 20003
|
| 942 |
|
|
|c REV
|